000 00336nam a22001457a 4500
008 230413b ||||| |||| 00| 0 eng d
020 _a9781607977339
041 _aeng
080 _23RD EDITION
_a030
082 _a030KHA
100 _a40
101 _aENCIK
245 _aCULTURES CONTEXTS THE CARIBBEAN
_cKHAN. A
942 _2udc
_cBK
999 _c59525
_d59525